[Event "Bundesliga 1718"]
[Site "Germany"]
[Date "2017.10.21"]
[Round "1.8"]
[White "Hoffmann, Paul"]
[Black "Sebastian, Dirk"]
[Result "1/2-1/2"]
[WhiteElo "2372"]
[BlackElo "2454"]
[PlyCount "86"]
[EventDate "2017.10.21"]
[EventType "team-tourn"]
[EventRounds "15"]
[EventCountry "GER"]
[SourceTitle "CBM 181"]
[Source "ChessBase"]
[SourceDate "2017.11.10"]
[SourceVersion "1"]
[SourceVersionDate "2017.11.10"]
[SourceQuality "1"]
[WhiteTeam "Dresden"]
[BlackTeam "Hamburger SK"]
[WhiteTeamCountry "GER"]
[BlackTeamCountry "GER"]

1. e4 e5 2. Bc4 Nf6 3. d3 Nc6 4. Nf3 Be7 5. 0-0 0-0 6. Nbd2 d6 7. c3 Na5 8. Bb5 a6 9. Ba4 b5 10. Bc2 c5 11. a4 b4 12. cxb4 cxb4 13. Nc4 Nxc4 14. dxc4 Nd7 15. Be3 Qc7 16. Nd2 a5 17. Rc1 Nc5 18. f4 exf4 19. Bxf4 Bf6 20. Nf3 Be5 21. Nxe5 dxe5 22. Be3 Bb7 23. Qg4 b3 24. Bb1 Ra6 25. Rfd1 Rg6 26. Qf5 Nxa4 27. c5 Nxb2 28. Rd7 Qc8 29. Rd2 Na4 30. Qxe5 Qe6 31. Qd4 Bc6 32. Rc4 Qh3 33. Bf4 Qh5 34. Bd6 Rc8 35. Rxa4 Bxa4 36. Qxa4 Rxd6 37. cxd6 Rc1+ 38. Kf2 Qh4+ 39. Ke2 Qe1+ 40. Kd3 Qf1+ 41. Kd4 Qg1+ 42. Kd3 Qf1+ 43. Kd4 Qg1+ 1/2-1/2

[Event "Lueneburg op-A"]
[Site "Lueneburg"]
[Date "2017.07.15"]
[Round "8"]
[White "Karpatchev, Aleksandr"]
[Black "Sebastian, Dirk"]
[Result "1-0"]
[WhiteElo "2501"]
[BlackElo "2445"]
[PlyCount "121"]
[EventDate "2017.07.08"]
[EventType "swiss"]
[EventRounds "9"]
[EventCountry "GER"]
[SourceTitle "CBM 179 Extra"]
[Source "ChessBase"]
[SourceDate "2017.08.23"]
[SourceVersion "1"]
[SourceVersionDate "2017.08.23"]
[SourceQuality "1"]

1. e4 e5 2. Nf3 Nc6 3. Bb5 a6 4. Ba4 Nf6 5. 0-0 b5 6. Bb3 Bc5 7. c3 d6 8. a4 Rb8 9. d4 Bb6 10. axb5 axb5 11. Qd3 Bd7 12. Na3 0-0 13. Bg5 Bg4 14. d5 Ne7 15. Nxb5 Ng6 16. Nh4 h6 17. Nxg6 fxg6 18. Be3 Nh5 19. Bd1 Bxd1 20. Raxd1 Nf4 21. Bxf4 Rxf4 22. g3 Rf7 23. Kg2 Qd7 24. f3 Bc5 25. c4 g5 26. Qd2 Rbf8 27. h3 Rf6 28. b4 Bb6 29. Rc1 h5 30. Qxg5 Qf7 31. Rc3 Rg6 32. Qd2 Qe7 33. Kh2 Rgf6 34. h4 Ra8 35. Rc2 Raf8 36. Qe2 R6f7 37. Qg2 Rf6 38. Rc3 R6f7 39. Qh3 Rf6 40. Qg2 R6f7 41. Qd2 Rf6 42. Ra3 Rg6 43. Qg2 Rf4 44. Qh3 Rf8 45. Na7 Bxa7 46. Rxa7 Qd8 47. b5 Kh7 48. Ra2 Qb8 49. Qg2 Qd8 50. Qf2 Rgf6 51. Qe3 Rg6 52. Rg2 Qa8 53. Qe2 Qa7 54. f4 Qd4 55. fxe5 Rxf1 56. Qxf1 dxe5 57. Qf5 Kh6 58. c5 Qa1 59. b6 cxb6 60. c6 Qc1 61. Qxe5 1-0

[Event "PRO League Central"]
[Site "Chess.com INT"]
[Date "2017.01.25"]
[Round "3"]
[White "Sebastian, Dirk"]
[Black "Beerdsen, Thomas"]
[Result "0-1"]
[WhiteElo "2445"]
[BlackElo "2413"]
[PlyCount "50"]
[EventDate "2017.01.11"]
[EventType "team-swiss (rapid)"]
[EventRounds "7"]
[EventCountry "USA"]
[SourceTitle "CBM 176 Extra"]
[Source "ChessBase"]
[SourceDate "2017.03.02"]
[SourceVersion "1"]
[SourceVersionDate "2017.03.02"]
[SourceQuality "1"]
[WhiteTeam "Hamburg Swashbucklers"]
[BlackTeam "Apeldoorn Apes"]
[WhiteTeamCountry "GER"]
[BlackTeamCountry "NED"]

1. e4 e5 2. Nf3 Nc6 3. Bc4 Nf6 4. d3 h6 5. 0-0 d6 6. Re1 g5 7. d4 g4 8. dxe5 gxf3 9. exf6 Rg8 10. g3 Ne5 11. Bf1 Qxf6 12. Nc3 c6 13. Be3 h5 14. Qd2 h4 15. Rad1 Be7 16. Bf4 Be6 17. b4 hxg3 18. fxg3 Ng4 19. Be3 Qh8 20. h3 Nxe3 21. Rxe3 Rxg3+ 22. Kh2 Rxh3+ 23. Bxh3 Qxh3+ 24. Kg1 Kd7 25. Qh2 f2+ 0-1

[Event "PRO League Central"]
[Site "Chess.com INT"]
[Date "2017.01.25"]
[Round "3"]
[White "Zwirs, Nico"]
[Black "Sebastian, Dirk"]
[Result "1-0"]
[WhiteElo "2395"]
[BlackElo "2445"]
[PlyCount "91"]
[EventDate "2017.01.11"]
[EventType "team-swiss (rapid)"]
[EventRounds "7"]
[EventCountry "USA"]
[SourceTitle "CBM 176 Extra"]
[Source "ChessBase"]
[SourceDate "2017.03.02"]
[SourceVersion "1"]
[SourceVersionDate "2017.03.02"]
[SourceQuality "1"]
[WhiteTeam "Apeldoorn Apes"]
[BlackTeam "Hamburg Swashbucklers"]
[WhiteTeamCountry "NED"]
[BlackTeamCountry "GER"]

1. e4 e5 2. Nf3 Nc6 3. Bc4 Bc5 4. c3 Nf6 5. d3 a6 6. Nbd2 Ba7 7. Bb3 0-0 8. h3 h6 9. 0-0 d6 10. Re1 Re8 11. Nf1 Be6 12. Ng3 Bxb3 13. Qxb3 Qd7 14. Be3 Bxe3 15. fxe3 d5 16. exd5 Qxd5 17. Ne4 Qxb3 18. Nxf6+ gxf6 19. axb3 Rad8 20. d4 Kh7 21. Kf2 Rg8 22. Nh4 Ne7 23. Rf1 Rg5 24. Kg1 Ng6 25. Nf3 Rh5 26. g4 Rxh3 27. Kg2 Rxf3 28. Kxf3 Kg7 29. Kg3 Re8 30. Rf3 Re6 31. b4 Ne7 32. Rh1 e4 33. Rff1 Kg6 34. Rh5 Rb6 35. Rfh1 Ng8 36. Kf4 Re6 37. d5 Re8 38. c4 Kg7 39. b3 Re7 40. Rd1 Kg6 41. Rd4 f5 42. Rxf5 Nf6 43. d6 cxd6 44. Rxd6 Re6 45. Rxe6 fxe6 46. Rc5 1-0

[Event "PRO League Central"]
[Site "Chess.com INT"]
[Date "2017.01.25"]
[Round "3"]
[White "Zwirs, Nico"]
[Black "Sebastian, Dirk"]
[Result "1-0"]
[WhiteElo "2395"]
[BlackElo "2445"]
[PlyCount "99"]
[EventDate "2017.01.11"]
[EventType "team-swiss (rapid)"]
[EventRounds "7"]
[EventCountry "USA"]
[SourceTitle "CBM 176 Extra"]
[Source "ChessBase"]
[SourceDate "2017.03.02"]
[SourceVersion "1"]
[SourceVersionDate "2017.03.02"]
[SourceQuality "1"]
[WhiteTeam "Apeldoorn Apes"]
[BlackTeam "Hamburg Swashbucklers"]
[WhiteTeamCountry "NED"]
[BlackTeamCountry "GER"]

1. e4 g6 2. d4 Bg7 3. Nc3 d6 4. f4 Nf6 5. Nf3 c5 6. Bb5+ Bd7 7. e5 Ng4 8. Bxd7+ Qxd7 9. h3 cxd4 10. Qxd4 Nh6 11. Qf2 0-0 12. Bd2 Nc6 13. 0-0-0 Rac8 14. g4 Qe6 15. f5 gxf5 16. g5 dxe5 17. gxh6 Bxh6 18. Bxh6 Qxh6+ 19. Kb1 Kh8 20. Rhe1 e4 21. Nd4 e6 22. Nxc6 bxc6 23. Rd7 Rb8 24. Qxa7 Qf6 25. Qd4 Qxd4 26. Rxd4 Rfd8 27. Rxd8+ Rxd8 28. Kc1 Kg7 29. Rf1 Kg6 30. a4 e5 31. a5 e3 32. Rd1 Ra8 33. Rd6+ Kg5 34. b4 f4 35. Kd1 f3 36. Ke1 Rg8 37. a6 Kf5 38. Kf1 e2+ 39. Nxe2 fxe2+ 40. Kxe2 Ke4 41. Rxc6 Rg2+ 42. Kd1 f5 43. a7 Rg1+ 44. Kd2 Ra1 45. Rc7 Kd5 46. b5 f4 47. b6 Kd6 48. Rxh7 e4 49. b7 e3+ 50. Ke2 1-0

[Event "Bundesliga 1617"]
[Site "Germany"]
[Date "2016.11.19"]
[Round "3.8"]
[White "Sebastian, Dirk"]
[Black "Hausrath, Daniel"]
[Result "1/2-1/2"]
[WhiteElo "2454"]
[BlackElo "2481"]
[PlyCount "102"]
[EventDate "2016.10.15"]
[EventType "team-tourn"]
[EventRounds "15"]
[EventCountry "GER"]
[SourceTitle "CBM 176"]
[Source "ChessBase"]
[SourceDate "2017.01.17"]
[SourceVersion "1"]
[SourceVersionDate "2017.01.17"]
[SourceQuality "1"]
[WhiteTeam "Hamburger SK"]
[BlackTeam "Muelheim"]
[WhiteTeamCountry "GER"]
[BlackTeamCountry "GER"]

1. e4 c5 2. Nc3 Nc6 3. Nf3 g6 4. d4 cxd4 5. Nxd4 Bg7 6. Be3 Nf6 7. Bc4 0-0 8. Bb3 Re8 9. 0-0 d6 10. h3 Na5 11. Re1 b6 12. Bg5 Nxb3 13. axb3 Bb7 14. Qd3 a6 15. Nd5 e6 16. Nxf6+ Bxf6 17. Bxf6 Qxf6 18. c3 Rad8 19. Nf3 b5 20. Qe3 Qe7 21. Rad1 Rc8 22. h4 Red8 23. h5 gxh5 24. Qh6 Kh8 25. Qxh5 Rg8 26. Qh4 Qxh4 27. Nxh4 Rg4 28. g3 Rxe4 29. Rxe4 Bxe4 30. Rxd6 a5 31. Ra6 b4 32. f3 Bd3 33. Rxa5 bxc3 34. bxc3 Rxc3 35. Ra7 Kg7 36. Rb7 Rc2 37. Ng2 Be2 38. Ne1 Rb2 39. b4 h5 40. Rb8 e5 41. Rb6 f6 42. Rb8 Kf7 43. Rb7+ Ke6 44. Rh7 Rb3 45. Kf2 Bd1 46. Rxh5 e4 47. Rh4 Bxf3 48. Rf4 Rb2+ 49. Kg1 Rb1 50. Kf2 Rb2+ 51. Kg1 Rb1 1/2-1/2

[Event "Hamburg HSK GM"]
[Site "Hamburg"]
[Date "2016.10.30"]
[Round "9"]
[White "Bracker, Frank"]
[Black "Sebastian, Dirk"]
[Result "1/2-1/2"]
[WhiteElo "2427"]
[BlackElo "2454"]
[PlyCount "41"]
[EventDate "2016.10.24"]
[EventType "tourn"]
[EventRounds "9"]
[EventCountry "GER"]
[EventCategory "8"]
[SourceTitle "EXT 2018"]
[Source "ChessBase"]
[SourceDate "2017.10.13"]
[SourceVersion "1"]
[SourceVersionDate "2017.10.13"]
[SourceQuality "1"]

1. e4 e5 2. Nf3 Nc6 3. Bc4 Bc5 4. c3 Nf6 5. d3 a6 6. 0-0 d6 7. Bb3 0-0 8. h3 Ba7 9. Re1 h6 10. Nbd2 Re8 11. Nf1 Be6 12. Ng3 d5 13. exd5 Nxd5 14. Nh5 Nf6 15. Nxf6+ Qxf6 16. Be3 Bxe3 17. Rxe3 Rad8 18. Qe2 Bxb3 19. axb3 Re6 20. Re1 Rde8 21. b4 1/2-1/2